[Event "Chigorin Memorial 2019"]
[Site "St Petersburg RUS"]
[Date "2019.10.07"]
[Round "3.56"]
[White "Shinkarov, Artem"]
[Black "Kavyev, Ruslan"]
[Result "1/2-1/2"]
[WhiteElo "1845"]
[BlackElo "2228"]
[WhiteFideId "54153867"]
[BlackFideId "34110981"]
[EventDate "2019.10.05"]

1. c4 Nf6 2. Nc3 d5 3. cxd5 Nxd5 4. Nf3 g6 5. e4 Nxc3 6. dxc3 Qxd1+ 7. Kxd1 Nd7
8. Be3 e5 9. Kc2 f6 10. Nd2 Bc5 11. Bxc5 Nxc5 12. b4 Ne6 13. Bc4 Bd7 14. f3 Ke7
15. Rhd1 a5 16. a3 h5 17. Kb2 h4 18. Nf1 Ba4 19. Rd2 Rhd8 20. Kc1 Nf4 21. g3
hxg3 22. hxg3 Rxd2 23. Kxd2 Rd8+ 24. Ke3 Ne6 25. bxa5 Ra8 26. a6 b6 27. Nd2 Bd7
28. Rh1 Nf8 29. f4 exf4+ 30. gxf4 b5 31. Bb3 Rxa6 32. Ra1 Ne6 33. Bd1 Nc5 34.
Be2 Bc6 35. Kd4 Ne6+ 36. Ke3 Ra4 37. Bd1 Ra8 38. Bf3 Nc5 39. e5 Bxf3 40. exf6+
Kxf6 41. Kxf3 Kf5 42. Re1 Nd3 43. Re3 Nxf4 44. Nb3 Ne6 45. Nd4+ Nxd4+ 46. cxd4
c6 47. Rc3 Ra6 48. Rc5+ Ke6 49. Ke4 Kd6 50. Rc3 Ra4 51. Rg3 Kc7 52. Rxg6 Rxa3
53. d5 Ra4+ 54. Ke5 cxd5 55. Kxd5 Rc4 56. Rh6 Rc3 57. Kd4 b4 58. Ra6 Ra3 59.
Rxa3 bxa3 60. Kc3 1/2-1/2

[Event "Chigorin Memorial 2019"]
[Site "St Petersburg RUS"]
[Date "2019.10.07"]
[Round "3.57"]
[White "Volkov, Sergey"]
[Black "Matveev, Ivan A."]
[Result "1-0"]
[WhiteTitle "GM"]
[WhiteElo "2557"]
[BlackElo "1674"]
[WhiteFideId "4122763"]
[BlackFideId "24262790"]
[EventDate "2019.10.05"]

1. d4 d5 2. c4 e6 3. Nc3 Nf6 4. Bg5 Be7 5. e3 c6 6. Nf3 Nbd7 7. Rc1 O-O 8. Qc2
b6 9. cxd5 exd5 10. Bd3 Bb7 11. O-O Re8 12. h3 h6 13. Bf4 Rc8 14. Qe2 Nb8 15.
Rfd1 Bd6 16. Bxd6 Qxd6 17. Ne5 Nbd7 18. f4 Qc7 19. Rc2 c5 20. Bb5 c4 21. Qf3 a6
22. Bxd7 Nxd7 23. Nxd5 Qd6 24. Ne7+ Qxe7 1-0

[Event "Chigorin Memorial 2019"]
[Site "St Petersburg RUS"]
[Date "2019.10.07"]
[Round "3.58"]
[White "Mkrtchyan, Mariam"]
[Black "Mikaelyan, Arman"]
[Result "0-1"]
[WhiteTitle "WCM"]
[BlackTitle "GM"]
[WhiteElo "2039"]
[BlackElo "2479"]
[WhiteFideId "13310828"]
[BlackFideId "13304852"]
[EventDate "2019.10.05"]

1. d4 c5 2. d5 g6 3. e4 Bg7 4. Nc3 d6 5. Nf3 Nf6 6. Be2 O-O 7. O-O Bg4 8. Nd2
Bxe2 9. Qxe2 Na6 10. Nc4 Rb8 11. a4 Nb4 12. Be3 Nd7 13. f4 Nb6 14. Nxb6 Qxb6 15.
a5 Qa6 16. Qxa6 bxa6 17. Rf2 Bd4 18. Nd1 f5 19. exf5 Nxd5 20. Bxd4 cxd4 21. fxg6
Nxf4 22. gxh7+ Kxh7 23. Kf1 e5 24. g3 Ne6 25. Rxf8 Rxf8+ 26. Ke2 e4 27. Nf2 d3+
28. Ke3 Rf3+ 29. Kxe4 Ng5+ 30. Kd5 dxc2 31. Kxd6 Rxf2 32. Kc5 Ne4+ 33. Kb4 Rf8
34. Rc1 Rc8 35. Kb3 Nd2+ 36. Ka2 Nf3 37. b3 Ne5 38. Kb2 Nd3+ 0-1

[Event "Chigorin Memorial 2019"]
[Site "St Petersburg RUS"]
[Date "2019.10.07"]
[Round "3.59"]
[White "Savitskiy, Sergey"]
[Black "Davydova, Kira"]
[Result "1-0"]
[WhiteTitle "IM"]
[WhiteElo "2407"]
[BlackElo "1961"]
[WhiteFideId "24105660"]
[BlackFideId "34166120"]
[EventDate "2019.10.05"]

1. e4 e6 2. d4 d5 3. Nd2 c5 4. exd5 exd5 5. Ngf3 Nf6 6. Bb5+ Nc6 7. O-O Be7 8.
dxc5 O-O 9. Nb3 Ne4 10. Be3 Bg4 11. Be2 Rc8 12. Nfd2 Be6 13. c3 Qc7 14. f3 Bg5
15. Bxg5 Nxg5 16. Qe1 Qf4 17. Qg3 Qxg3 18. hxg3 Ne7 19. Kf2 Bd7 20. Na5 Ne6 21.
Nab3 Nxc5 22. Nxc5 Rxc5 23. Nb3 Rcc8 24. Rad1 Rfd8 25. Rd2 Bc6 26. Nd4 Rd7 27.
Bd3 g6 28. g4 Kg7 29. Rh1 Rd6 30. Re2 Rd7 31. g5 a6 32. g4 b5 33. Kg3 Bb7 34.
Reh2 Rh8 35. f4 Nc6 36. f5 Nxd4 37. f6+ Kg8 38. cxd4 Rd6 39. Re2 Bc6 40. Re7 Re6
41. Rxe6 fxe6 42. Kf4 Kf7 43. Rh6 Be8 44. Bxg6+ Kf8 45. Bxh7 a5 46. Bd3 Rxh6 47.
gxh6 Kg8 48. Ke5 1-0

[Event "Chigorin Memorial 2019"]
[Site "St Petersburg RUS"]
[Date "2019.10.07"]
[Round "3.60"]
[White "Pershin, Denis"]
[Black "Kiseleva, Arina"]
[Result "1/2-1/2"]
[WhiteTitle "IM"]
[BlackTitle "WCM"]
[WhiteElo "2401"]
[BlackElo "2034"]
[WhiteFideId "24165506"]
[BlackFideId "4164989"]
[EventDate "2019.10.05"]

1. d4 d5 2. c4 e6 3. Nc3 Nf6 4. cxd5 exd5 5. Bg5 c6 6. Qc2 g6 7. e3 Bf5 8. Bd3
Bxd3 9. Qxd3 Be7 10. Nf3 Nbd7 11. h3 O-O 12. Bf4 Re8 13. O-O Bf8 14. Rab1 Ne4
15. b4 Nxc3 16. Qxc3 a6 17. Nd2 Nf6 18. a4 Rc8 19. Rfc1 Ne4 20. Nxe4 Rxe4 21.
Qd3 Bd6 22. Bxd6 Qxd6 23. Rc5 Re7 24. b5 axb5 25. axb5 Rec7 26. b6 Re7 27. Ra5
Kg7 28. Rba1 Qb4 29. Qa3 Qxa3 30. R1xa3 Ree8 31. Ra7 Rb8 32. Kf1 Kf6 33. f3 Ke6
34. e4 dxe4 35. fxe4 f5 36. exf5+ Kxf5 37. Kf2 Re4 38. R7a5+ Ke6 39. Re3 Rf8+
40. Ke2 Rxe3+ 41. Kxe3 Kd6 42. h4 Rc8 43. Ra7 Rb8 44. Ra5 Rc8 45. Rg5 c5 46. h5
cxd4+ 47. Kxd4 gxh5 48. Rxh5 Rg8 49. Rxh7 Rg4+ 50. Ke3 Rxg2 51. Rxb7 Kc6 52. Rb8
Rb2 53. Rc8+ Kd7 54. Rc7+ Kd6 55. Rb7 Kc6 56. Rb8 Rxb6 57. Rxb6+ Kxb6 1/2-1/2

[Event "Chigorin Memorial 2019"]
[Site "St Petersburg RUS"]
[Date "2019.10.07"]
[Round "3.61"]
[White "Hefner, Felix"]
[Black "Yatzenko, Anton"]
[Result "0-1"]
[WhiteElo "2036"]
[BlackElo "2383"]
[WhiteFideId "12910651"]
[BlackFideId "4157826"]
[EventDate "2019.10.05"]

1. d4 Nf6 2. c4 e6 3. g3 Bb4+ 4. Bd2 c5 5. Bxb4 cxb4 6. Bg2 O-O 7. e3 d6 8. Ne2
e5 9. O-O Nc6 10. a3 Qc7 11. Qd2 exd4 12. exd4 a5 13. d5 Ne5 14. Rc1 Bf5 15. Nd4
Be4 16. axb4 axb4 17. Rxa8 Rxa8 18. Bxe4 Nxe4 19. Qe3 Nxf2 20. Nb5 Qe7 21. Qxf2
Nd3 22. Qd2 Nxc1 23. Qxc1 Ra1 24. Nd4 Qe4 25. Nc2 Qxc4 26. Qe1 Ra8 27. Nxb4 Qd4+
28. Kh1 Qxb2 29. Nd3 Qb5 30. Nf4 Ra1 0-1

[Event "Chigorin Memorial 2019"]
[Site "St Petersburg RUS"]
[Date "2019.10.07"]
[Round "3.62"]
[White "Askerov, Marat"]
[Black "Ponomarev, Denis"]
[Result "1-0"]
[WhiteTitle "FM"]
[WhiteElo "2334"]
[BlackElo "2031"]
[WhiteFideId "24175200"]
[BlackFideId "44136650"]
[EventDate "2019.10.05"]

1. d4 g6 2. c4 Bg7 3. Nf3 Nf6 4. g3 O-O 5. Bg2 d6 6. O-O Nc6 7. Nc3 a6 8. b3 Rb8
9. Nd5 b5 10. Nxf6+ Bxf6 11. Bh6 Re8 12. Rc1 bxc4 13. Rxc4 Na5 14. Ra4 Nc6 15.
d5 Ne5 16. Nd4 Bd7 17. Rxa6 Qc8 18. Ra7 Bh3 19. Qd2 Bxg2 20. Kxg2 Rb7 21. Ra4 e6
22. Nc6 exd5 23. Qxd5 Nxc6 24. Qxc6 Rb6 25. Qf3 Qe6 26. Rc1 Rb5 27. Ra8 Bd8 28.
h4 Rf5 29. Qc3 Re5 30. Rc2 f6 31. Qc6 g5 32. Ra4 Kf7 33. e4 gxh4 34. Bf4 Rh5 35.
Qc4 d5 36. exd5 Qe1 37. d6+ Kg7 38. d7 Re7 39. g4 h3+ 40. Kh2 Rh4 41. Bg3 Rh6
42. Rc1 Qd2 43. Rc2 Qd1 44. g5 Rg6 45. gxf6+ Rxf6 46. Qg4+ Qxg4 47. Rxg4+ Kf7
48. Bh4 1-0

[Event "Chigorin Memorial 2019"]
[Site "St Petersburg RUS"]
[Date "2019.10.07"]
[Round "3.63"]
[White "Sokolov, Nikita Dm."]
[Black "Rudenko, Naum"]
[Result "0-1"]
[BlackTitle "FM"]
[WhiteElo "2022"]
[BlackElo "2286"]
[WhiteFideId "34106526"]
[BlackFideId "34146072"]
[EventDate "2019.10.05"]

1. d4 e6 2. c4 d5 3. cxd5 exd5 4. Nc3 c6 5. Nf3 Bf5 6. Bg5 Nf6 7. e3 Qb6 8. Qd2
Ne4 9. Qc1 Nxg5 10. Nxg5 Nd7 11. Be2 Bd6 12. O-O O-O 13. a3 a5 14. Nf3 Qc7 15.
Qd2 Rae8 16. Rac1 Qd8 17. h3 Nf6 18. Nh2 Bc7 19. f4 Qe7 20. Kf2 g5 21. Kg1 gxf4
22. exf4 Qe3+ 23. Qxe3 Rxe3 24. Rce1 Rfe8 25. Nf3 Nh5 26. Ne5 Ng3 27. Kf2 Nxf1
28. Rxf1 Re4 29. Nxe4 Bxe4 30. g4 Re7 31. Bf3 Bb6 32. Rd1 Bxf3 33. Nxf3 Re4 34.
a4 f6 35. Rd3 Kf7 36. f5 Ba7 37. Rb3 b6 38. Re3 b5 39. axb5 cxb5 40. Rd3 h5 0-1

[Event "Chigorin Memorial 2019"]
[Site "St Petersburg RUS"]
[Date "2019.10.07"]
[Round "3.64"]
[White "Gitelson, Arkady"]
[Black "Postanogov, Dmitrii"]
[Result "1-0"]
[WhiteElo "2282"]
[BlackElo "2019"]
[WhiteFideId "34101257"]
[BlackFideId "44120419"]
[EventDate "2019.10.05"]

1. Nf3 Nf6 2. g3 d5 3. Bg2 c6 4. O-O Bf5 5. d4 e6 6. c4 Nbd7 7. Nc3 Be7 8. Nd2
O-O 9. Re1 h6 10. e4 dxe4 11. Ndxe4 Nxe4 12. Nxe4 Nf6 13. Nc3 Qd7 14. h3 Rfd8
15. Be3 Qc7 16. Qe2 a6 17. Rac1 c5 18. d5 e5 19. Bxh6 Nd7 20. Bd2 Rab8 21. Be4
Bxe4 22. Nxe4 b5 23. b3 bxc4 24. bxc4 Re8 25. Qd3 Bd6 26. Qa3 f5 27. Ba5 Nb6 28.
Ng5 Qd7 29. Ne6 Qa4 30. Qxa4 Nxa4 31. Bc7 Bxc7 32. Nxc7 Rec8 33. d6 e4 34. Red1
Rd8 35. Rd5 Rb6 36. Rxf5 Rbxd6 37. Nd5 Re6 38. Rb1 Rf8 39. Rg5 e3 40. Nxe3 Nc3
41. Rb7 Rf7 42. Rxf7 Kxf7 43. Rxc5 Nxa2 44. Nd5 Nc1 45. Rc7+ Kf8 46. Nf4 Rf6 47.
c5 Nb3 48. c6 Nd4 49. Rc8+ Kf7 50. c7 Rc6 51. Rd8 Rc1+ 52. Kg2 1-0

[Event "Chigorin Memorial 2019"]
[Site "St Petersburg RUS"]
[Date "2019.10.07"]
[Round "3.65"]
[White "Khakimov, Timur"]
[Black "Slugin, Yaroslav"]
[Result "0-1"]
[WhiteTitle "IM"]
[WhiteElo "2278"]
[BlackElo "2014"]
[WhiteFideId "4169115"]
[BlackFideId "34142913"]
[EventDate "2019.10.05"]

1. d4 Nf6 2. Bg5 c5 3. Bxf6 exf6 4. Nc3 Qa5 5. d5 d6 6. e4 g6 7. Bb5+ Nd7 8. Qf3
Bg7 9. Qg3 O-O 10. Ne2 Qc7 11. f4 a6 12. Bxd7 Bxd7 13. f5 Rfe8 14. h4 b5 15. h5
b4 16. hxg6 fxg6 17. Qh4 bxc3 18. Qxh7+ Kf8 19. Nxc3 Bxf5 20. O-O Be6 21. Rxf6+
Bf7 22. Rf3 Re5 23. Raf1 Rh5 24. Qxg6 Bd4+ 25. R1f2 Bxf2+ 26. Kxf2 Ke8 27. Qg7
Qe7 28. g4 Rg5 0-1

[Event "Chigorin Memorial 2019"]
[Site "St Petersburg RUS"]
[Date "2019.10.07"]
[Round "3.66"]
[White "Trofimov, Ivan"]
[Black "Sichinava, Zviad"]
[Result "1/2-1/2"]
[WhiteElo "2014"]
[BlackElo "2278"]
[WhiteFideId "44136870"]
[BlackFideId "24111716"]
[EventDate "2019.10.05"]

1. e4 e6 2. d4 d5 3. e5 c5 4. c3 Nc6 5. Nf3 Qb6 6. a3 f6 7. Bd3 fxe5 8. Nxe5
Nxe5 9. dxe5 g6 10. Qe2 c4 11. Bc2 Bc5 12. O-O Ne7 13. Nd2 Bd7 14. Rb1 Qc7 15.
b3 cxb3 16. Bxb3 Nc6 17. Nf3 Na5 18. Bg5 a6 19. Bf6 Rg8 20. Qd2 Bb5 21. Rfe1
Nxb3 22. Rxb3 Bc4 23. Rbb1 Bxa3 24. Qh6 Bd3 25. Rb3 Bf8 26. Qh4 Qd7 27. Ng5 h6
28. Nh3 b5 29. Nf4 g5 30. Qh5+ Bg6 31. Nxg6 Qf7 32. Ra1 Rxg6 33. Qe2 Qb7 34. Qh5
Qf7 35. Qh3 Bg7 36. Bxg7 Qxg7 37. Rxb5 Qxe5 38. Rb7 Rf6 39. Qd3 Qf5 40. Qd4 Kf8
41. h3 Kg8 42. Re1 Raf8 43. Re2 Qf4 44. Qa7 Rg6 45. Rxe6 Qc1+ 46. Kh2 Qf4+ 1/2-1/2

[Event "Chigorin Memorial 2019"]
[Site "St Petersburg RUS"]
[Date "2019.10.07"]
[Round "3.67"]
[White "Saveljev, Ivan"]
[Black "Yandarbiev, Ruslan"]
[Result "1-0"]
[BlackTitle "IM"]
[WhiteElo "2010"]
[BlackElo "2278"]
[WhiteFideId "54158257"]
[BlackFideId "4115023"]
[EventDate "2019.10.05"]

1. e4 c5 2. Nf3 d6 3. Bb5+ Nd7 4. Ba4 Nf6 5. O-O a6 6. c4 e5 7. d3 Be7 8. Nc3
O-O 9. Ne1 h6 10. f4 exf4 11. Bxf4 Ne5 12. h3 Be6 13. Nf3 Nfd7 14. Nd5 Bxd5 15.
exd5 Bf6 16. Bxd7 Qxd7 17. Nxe5 Bxe5 18. Bxe5 dxe5 19. Qe2 Rae8 20. Qf2 b6 21.
Qf5 Qxf5 22. Rxf5 e4 23. dxe4 Rxe4 24. b3 Rfe8 25. Raf1 f6 26. R5f4 Kf7 27. Rxe4
Rxe4 28. Kf2 b5 29. Rc1 b4 30. a3 a5 31. axb4 axb4 32. Ra1 f5 33. Ra7+ Kf6 34.
Ra6+ Kg5 35. Rc6 Rd4 36. Rxc5 Rd3 37. Ke2 Rxb3 38. d6 1-0

[Event "Chigorin Memorial 2019"]
[Site "St Petersburg RUS"]
[Date "2019.10.07"]
[Round "3.68"]
[White "Izoitko, Alexey"]
[Black "Ter-Saakian, Grigorii"]
[Result "1/2-1/2"]
[BlackTitle "FM"]
[WhiteElo "1981"]
[BlackElo "2277"]
[WhiteFideId "24106062"]
[BlackFideId "34136204"]
[EventDate "2019.10.05"]

1. d4 d5 2. e4 dxe4 3. Nc3 Nf6 4. f3 exf3 5. Nxf3 Bg4 6. h3 Bh5 7. g4 Bg6 8. Ne5
Nbd7 9. Qe2 c6 10. h4 h5 11. Nxg6 fxg6 12. g5 Ng4 13. Qe4 Qb6 14. Qxg6+ Kd8 15.
Bd2 e5 16. O-O-O exd4 17. Ne4 c5 18. Qf5 g6 19. Qd5 Be7 20. Bh3 Qc6 21. Qxc6
bxc6 22. c3 d3 23. Bxg4 hxg4 24. c4 Rf8 25. Ba5+ Kc8 26. Rxd3 Ne5 27. Rg3 Rf4
28. Re1 Nxc4 29. Bc3 Nd6 30. Nxd6+ Bxd6 31. Reg1 Kd7 32. Rxg4 Raf8 33. Bf6 Re8
34. Rxf4 Bxf4+ 35. Kd1 Re4 36. h5 gxh5 37. g6 Re8 38. Rh1 Be5 39. Bxe5 Rxe5 40.
g7 Rg5 41. Rxh5 Rxg7 42. Rxc5 Kd6 43. Rc3 c5 44. Kc2 Kd5 45. Rd3+ Kc6 46. Kc3
Kb5 47. Rh3 a5 48. b3 1/2-1/2

[Event "Chigorin Memorial 2019"]
[Site "St Petersburg RUS"]
[Date "2019.10.07"]
[Round "3.69"]
[White "Gomes, Mary Ann"]
[Black "Bondareva, Daria"]
[Result "1-0"]
[WhiteTitle "WGM"]
[BlackTitle "WCM"]
[WhiteElo "2268"]
[BlackElo "2012"]
[WhiteFideId "5013623"]
[BlackFideId "44131356"]
[EventDate "2019.10.05"]

1. Nf3 Nf6 2. g3 e6 3. Bg2 Be7 4. b3 O-O 5. Bb2 d5 6. c4 c5 7. O-O Nc6 8. e3 b6
9. Nc3 Bb7 10. d3 Qc7 11. Qe2 Rad8 12. Rfd1 Rfe8 13. Rac1 Qb8 14. d4 cxd4 15.
exd4 Bb4 16. Ne5 Bd6 17. Nb5 Na5 18. Nxd6 Qxd6 19. c5 bxc5 20. dxc5 Ba6 21. Qe1
Qc7 22. c6 Rd6 23. Nd7 Nxc6 24. Nxf6+ gxf6 25. Rxd5 Rc8 26. Rdc5 Qd7 27. Bxf6
Ne7 28. Rxc8+ Nxc8 29. h4 Ne7 30. Be5 Rd2 31. Qe3 Re2 32. Qg5+ Ng6 33. Bf6 Qd2
34. Qxd2 Rxd2 35. Rc7 h5 36. Rxa7 Be2 37. Ra8+ Kh7 38. Be4 Rd1+ 39. Kh2 Kh6 40.
Ra7 Kh7 41. Rxf7+ Kg8 42. Rg7+ Kf8 43. Rxg6 Kf7 44. Be5 Re1 45. Rg7+ Kf8 46. Ra7 1-0

[Event "Chigorin Memorial 2019"]
[Site "St Petersburg RUS"]
[Date "2019.10.07"]
[Round "3.70"]
[White "Slastikhin, Vladislav"]
[Black "Bimiev, Ahmad"]
[Result "1/2-1/2"]
[WhiteElo "1980"]
[BlackElo "2266"]
[WhiteFideId "34157325"]
[BlackFideId "24102938"]
[EventDate "2019.10.05"]

1. d4 Nf6 2. Nf3 g6 3. c4 Bg7 4. Nc3 d5 5. cxd5 Nxd5 6. e4 Nxc3 7. bxc3 c5 8.
Be3 Qa5 9. Qd2 Nc6 10. Be2 Bg4 11. Rb1 cxd4 12. cxd4 Qxd2+ 13. Nxd2 Bxe2 14.
Kxe2 Nxd4+ 15. Bxd4 Bxd4 16. Rxb7 e6 17. Nb3 Be5 18. f4 Bg7 19. e5 O-O 20. Rc1
Rfb8 21. Rcc7 Rxb7 22. Rxb7 g5 23. Nc5 gxf4 24. Nd7 h6 25. Kf3 Kh7 26. Kxf4 a5
27. h4 Rc8 28. h5 Rc2 29. Nf6+ Bxf6 30. exf6 Rf2+ 31. Kg3 Rxf6 32. Rb5 a4 33.
Ra5 Kg7 34. Rxa4 Rf5 35. Kh4 Kf6 36. g4 Rf1 37. Ra5 Rg1 38. a4 Ra1 39. Kg3 Ra3+
40. Kf4 Ra1 41. Kg3 Ra2 42. Kf4 Ra3 43. Ra6 Rb3 44. Ra5 Rb4+ 45. Kg3 Rc4 46. Ra8
Rc3+ 47. Kh4 Rc4 48. Ra5 Rb4 49. Ra7 Rb1 1/2-1/2

[Event "Chigorin Memorial 2019"]
[Site "St Petersburg RUS"]
[Date "2019.10.07"]
[Round "3.71"]
[White "Zabolotnov, Evgeny"]
[Black "Strukova, Ksenia"]
[Result "1-0"]
[BlackTitle "WCM"]
[WhiteElo "2255"]
[BlackElo "2002"]
[WhiteFideId "34157619"]
[BlackFideId "34106623"]
[EventDate "2019.10.05"]

1. d4 Nf6 2. c4 g6 3. Nc3 Bg7 4. e4 d6 5. f3 O-O 6. Be3 e5 7. d5 c6 8. Bd3 cxd5
9. cxd5 Nh5 10. Nge2 f5 11. exf5 gxf5 12. Qd2 Nd7 13. O-O b6 14. Bg5 Bf6 15. Bh6
Ng7 16. b4 a5 17. a3 Rf7 18. Ng3 Nf8 19. Qc2 Rc7 20. Nge2 Rf7 21. Rac1 Ng6 22.
Nb5 axb4 23. axb4 Ne7 24. Qc7 Qxc7 25. Rxc7 Ba6 26. Bc4 Ne8 27. Rd7 f4 28. g4
fxg3 29. Nxg3 Ng6 30. Rxf7 Kxf7 31. Ne4 Be7 32. Be3 Bxb5 33. Bxb5 Nc7 34. Bc6
Ra2 35. Bxb6 Na6 36. b5 Nb4 37. Bc7 Nf4 38. b6 Na6 39. Bb5 Nxd5 40. Bxa6 Nxb6
41. Bxb6 Rxa6 42. Bf2 d5 43. Nc5 Ra2 44. Nd3 Bf6 45. h4 e4 46. fxe4 Rd2 47. Nf4
Rxf2 48. Kxf2 Bxh4+ 49. Ke2 1-0

[Event "Chigorin Memorial 2019"]
[Site "St Petersburg RUS"]
[Date "2019.10.07"]
[Round "3.72"]
[White "Pestryakov, Nikita"]
[Black "Kovalev, Vitaly"]
[Result "0-1"]
[WhiteElo "1978"]
[BlackElo "2240"]
[WhiteFideId "44130546"]
[BlackFideId "24120588"]
[EventDate "2019.10.05"]

1. e4 c5 2. c3 d5 3. exd5 Qxd5 4. d4 Nf6 5. Nf3 Bg4 6. Be2 e6 7. h3 Bh5 8. c4
Qd8 9. g4 Bg6 10. d5 exd5 11. g5 Ne4 12. cxd5 c4 13. O-O Bc5 14. Bxc4 O-O 15.
Nc3 Qc8 16. Ne5 Qxh3 17. Qg4 Bxf2+ 18. Rxf2 Nxf2 19. Qxh3 Nxh3+ 20. Kg2 Bf5 21.
Bd3 Bc8 22. Nb5 Nd7 23. Ng4 f5 24. Nh2 Ne5 25. Be2 f4 26. Nc7 Rb8 0-1

[Event "Chigorin Memorial 2019"]
[Site "St Petersburg RUS"]
[Date "2019.10.07"]
[Round "3.73"]
[White "Afanasieva, Alexandra"]
[Black "Ilyasli, Ughur"]
[Result "0-1"]
[WhiteTitle "WFM"]
[BlackTitle "CM"]
[WhiteElo "1957"]
[BlackElo "2243"]
[WhiteFideId "34126926"]
[BlackFideId "13416197"]
[EventDate "2019.10.05"]

1. e4 e6 2. d4 d5 3. Nc3 Nf6 4. Bg5 Bb4 5. e5 h6 6. Bc1 Ne4 7. Qg4 Kf8 8. Ne2 c5
9. a3 Qa5 10. axb4 Qxa1 11. Nxe4 dxe4 12. bxc5 Nc6 13. Qxe4 a5 14. g3 Nb4 15.
Bg2 Na2 16. Qe3 Nxc1 17. Qxc1 Qxc1+ 18. Nxc1 Rb8 19. Kf1 Ke7 20. Ke2 b6 21. cxb6
Rxb6 22. Nd3 Ba6 23. b3 Rc8 24. Kd2 Rd8 25. Ke3 Bxd3 26. Kxd3 Rb4 27. d5 exd5
28. Ra1 Rb5 29. f4 Rc5 30. Ra4 Rb8 31. Rd4 Rbc8 32. Bxd5 Rxc2 33. Bc4 Rxh2 34.
Ke4 Rc2 35. f5 a4 36. e6 Rd8 37. Bd5 fxe6 38. fxe6 axb3 39. Rb4 Re2+ 40. Kf3 Re5
41. Rb7+ Kf6 42. Rf7+ Kg6 43. Bxb3 Rf5+ 44. Rxf5 Kxf5 45. g4+ Kf6 46. Bc4 Rd4
47. Ba2 Ra4 48. Bd5 Ke7 49. Kg3 Kd6 50. Bb7 Kxe6 0-1

[Event "Chigorin Memorial 2019"]
[Site "St Petersburg RUS"]
[Date "2019.10.07"]
[Round "3.74"]
[White "Yudkevich, Mikhail"]
[Black "Silich, Yahor"]
[Result "1/2-1/2"]
[BlackTitle "FM"]
[WhiteElo "1954"]
[BlackElo "2131"]
[WhiteFideId "4134486"]
[BlackFideId "13513656"]
[EventDate "2019.10.05"]

1. d4 Nf6 2. c4 g6 3. g3 Bg7 4. Bg2 O-O 5. Nc3 d6 6. Nf3 Nbd7 7. O-O e5 8. e4
exd4 9. Nxd4 Nc5 10. h3 Re8 11. Re1 Bd7 12. Nb3 Na4 13. Nxa4 Bxa4 14. Qc2 Nd7
15. Bd2 Ne5 16. Bc3 c5 17. Rac1 Qb6 18. f4 Bxb3 19. axb3 Nc6 20. e5 Nd4 21. Bxd4
cxd4 22. c5 dxc5 23. Qxc5 Qxb3 24. Qxd4 Qxg3 25. Re3 Qh4 26. Rc7 Rad8 27. Bd5
Re7 28. Rxe7 Qxe7 29. Qc4 Bf8 30. Kg2 Kg7 31. Rd3 Qc5 32. Qxc5 Bxc5 33. Kf3 h6
34. Bc4 Rxd3+ 35. Bxd3 b6 36. b3 Bb4 37. Ke4 Bc3 38. Ba6 Bb2 39. Kf3 f6 40.
exf6+ Kxf6 41. Ke4 Bc1 1/2-1/2

[Event "Chigorin Memorial 2019"]
[Site "St Petersburg RUS"]
[Date "2019.10.07"]
[Round "3.75"]
[White "Petrushev, Nikita"]
[Black "Pogosian, Vladimir"]
[Result "0-1"]
[WhiteElo "2233"]
[BlackElo "1997"]
[WhiteFideId "34117803"]
[BlackFideId "13301586"]
[EventDate "2019.10.05"]

1. e4 d6 2. d4 Nf6 3. Nc3 c6 4. Bg5 Nbd7 5. Qd2 e5 6. Nf3 Be7 7. O-O-O Qc7 8.
Kb1 O-O 9. g4 b5 10. Bd3 exd4 11. Nxd4 Nc5 12. Bxf6 Bxf6 13. g5 Be7 14. f4 Nxd3
15. Qxd3 b4 16. Nce2 Rd8 17. Nf5 Bf8 18. Rdg1 Kh8 19. h4 d5 20. Ne3 d4 21. Nf5
c5 22. Ne3 Be6 23. Nc4 Re8 24. e5 Qc6 25. Nd2 Bd5 26. Qg3 Qa6 27. Nc1 c4 28. Nf3
d3 29. cxd3 cxd3 30. Nd2 Rac8 31. Ndb3 Be4 32. Ka1 Red8 33. Qe3 Bf5 34. Rg2 Qb5
35. Rd2 a5 36. Nd4 Bc5 37. Ncb3 Rxd4 38. Nxd4 Qb6 39. Rc1 Rd8 40. Qe1 Bxd4 41.
Qh1 Be3 42. Rc6 Qb7 43. Rd1 Rc8 44. Rxc8+ Qxc8 45. e6 fxe6 46. Qe1 Bd4 47. Rc1
Qb8 0-1

[Event "Chigorin Memorial 2019"]
[Site "St Petersburg RUS"]
[Date "2019.10.07"]
[Round "3.76"]
[White "Novikov, Kirill"]
[Black "Tsaruk, Maksim"]
[Result "0-1"]
[WhiteElo "1950"]
[BlackElo "2230"]
[WhiteFideId "44153635"]
[BlackFideId "13511173"]
[EventDate "2019.10.05"]

1. e4 e5 2. Nf3 Nc6 3. Bc4 Bc5 4. c3 Nf6 5. d3 a6 6. Bg5 h6 7. Bh4 Qe7 8. Nbd2
d6 9. Qe2 Ba7 10. Bb3 g5 11. Bg3 Be6 12. O-O-O O-O-O 13. Bxe6+ Qxe6 14. Kb1 Rhe8
15. Rhe1 d5 16. h4 g4 17. Nh2 d4 18. c4 Rg8 19. a3 a5 20. Rg1 Rg6 21. Kc2 Nh5
22. Rb1 Bc5 23. Nb3 Be7 24. Qd2 b6 25. Nc1 Rf8 26. Na2 f5 27. exf5 Qxf5 28. Rgf1
e4 29. Rbe1 exd3+ 30. Qxd3 Qxd3+ 31. Kxd3 Nf4+ 32. Bxf4 Rxf4 33. g3 Rf5 34. Nc1
h5 35. Ne2 Rgf6 36. Nf4 Bd6 37. Nd5 Rf8 38. Re2 Kd7 39. a4 Bc5 40. Nf4 Ne5+ 41.
Rxe5 Rxe5 42. Ng6 Rff5 43. Nxe5+ Rxe5 44. Rd1 Kc6 45. Rf1 Bd6 46. Kxd4 Re2 47.
b3 Bc5+ 48. Kd3 Rxf2 49. Rxf2 Bxf2 50. Nf1 Kc5 51. Nd2 Kb4 52. Ne4 Bc5 53. Kc2
Bd4 0-1

[Event "Chigorin Memorial 2019"]
[Site "St Petersburg RUS"]
[Date "2019.10.07"]
[Round "3.77"]
[White "Azimov, Ilyas"]
[Black "Danilova, Rada"]
[Result "1-0"]
[BlackTitle "WCM"]
[WhiteElo "2229"]
[BlackElo "1986"]
[WhiteFideId "24175226"]
[BlackFideId "34156760"]
[EventDate "2019.10.05"]

1. e4 c5 2. Nf3 Nc6 3. Bb5 g6 4. Bxc6 dxc6 5. d3 Bg7 6. Nc3 Nf6 7. h3 Nd7 8. Be3
e5 9. Qd2 h6 10. O-O b6 11. Nh2 Nf8 12. a4 a5 13. Ne2 g5 14. Ng3 Ng6 15. Nh5 Bf8
16. c3 Nf4 17. Bxf4 gxf4 18. Ng4 Bxg4 19. hxg4 Rg8 20. f3 Rg6 21. g3 fxg3 22.
Nxg3 1-0